[Event "Superettankval HSA - Horndal"]
[Site "Helsingborg"]
[Date "2016.03.20"]
[Round "1.1"]
[White "Olsson, Krister"]
[Black "Rosell, Tomas"]
[Result "1-0"]
[WhiteElo "2367"]
[BlackElo "2173"]
[WhiteTeam "Horndal"]
[BlackTeam "HSA"]

1.d4 f5 2.g3 Nf6 3.Bg2 g6 4.Nh3 Bg7 5.Nf4 e6 6.c4 d6 7.Nc3 c6 8.O-O Qc7 9.
e4 e5 10.Nfe2 O-O 11.exf5 Bxf5 12.c5 dxc5 13.dxe5 Qxe5 14.Bf4 Qe6 15.Re1 
Qf7 16.Qb3 Be6 17.Qa3 Na6 18.Bd6 Rfd8 19.Bxc5 Nxc5 20.Qxc5 Bf8 21.Qa5 Rd2 
22.Nf4 Bf5 23.Re2 Rxe2 24.Nfxe2 Ng4 25.h3 b6 26.Qa4 Ne5 27.Nd4 Nd3 28.Qxc6
Rc8 29.Qxc8 Bxc8 30.Bd5 Bxh3 31.Bxf7+ Kxf7 32.Ne4 h6 33.Rd1 Ne5 34.Rc1 Be7
35.Rc7 a5 36.Rb7 Nd7 37.Kh2 Bg4 38.f3 Be6 39.Rc7 1-0

[Event "Superettankval HSA - Horndal"]
[Site "Helsingborg"]
[Date "2016.03.20"]
[Round "1.2"]
[White "Kristensen, Kaare Hove"]
[Black "Angskog, Kent"]
[Result "1-0"]
[WhiteElo "2346"]
[BlackElo "2190"]
[WhiteTeam "HSA"]
[BlackTeam "Horndal"]

1.e4 g6 2.d4 Bg7 3.Nc3 d6 4.Be3 c6 5.Qd2 b5 6.Bd3 Nd7 7.O-O-O Qa5 8.Kb1 
Nb6 9.h4 h5 10.Nh3 Be6 11.Nf4 Nc4 12.Bxc4 Bxc4 13.b3 b4 14.Nce2 Bxe2 15.
Qxe2 Nf6 16.Bc1 O-O 17.e5 Nd5 18.Nxd5 Qxd5 19.g4 dxe5 20.gxh5 exd4 21.Rhg1
Qe5 22.Qxe5 Bxe5 23.hxg6 Rfc8 24.Rde1 Bf6 25.Bg5 Kg7 26.Bxf6+ Kxf6 27.Re4 
fxg6 28.Rxd4 Ke5 29.Rxb4 Rf8 30.Rxg6 Rac8 31.Rb7 e6 32.Re7 Rf6 33.Rxf6 
Kxf6 34.Rxa7 Ke5 35.Ra4 Rf8 36.f4+ Kf5 37.Rc4 Rc8 38.h5 1-0

[Event "Superettankval HSA - Horndal"]
[Site "Helsingborg"]
[Date "2016.03.20"]
[Round "1.3"]
[White "Tiger-Norqvist, Axel"]
[Black "Nilsson, Patrik"]
[Result "1-0"]
[WhiteElo "2113"]
[BlackElo "2161"]
[WhiteTeam "Horndal"]
[BlackTeam "HSA"]

1.e4 e6 2.d4 d5 3.e5 c5 4.c3 Qb6 5.Nf3 Nc6 6.a3 cxd4 7.cxd4 Nh6 8.b4 Nf5 
9.Be3 f6 10.exf6 gxf6 11.Bd3 Nxe3 12.fxe3 e5 13.Nc3 Be6 14.e4 dxe4 15.Nxe4
O-O-O 16.Qc2 Kb8 17.Nc5 Nxd4 18.Nxd4 Rxd4 19.O-O Bxc5 20.bxc5 Qd8 21.c6 b6
22.Be4 Kc7 23.Rad1 f5 24.Bf3 e4 25.Qb2 exf3 26.Rxd4 Qe7 27.Rxf3 Rg8 28.Qc2
Qf7 29.Rfd3 Kc8 30.c7 Kb7 31.Rd6 Bc4 32.Rd7 Bxd3 33.c8=Q# 1-0

[Event "Superettankval HSA - Horndal"]
[Site "Helsingborg"]
[Date "2016.03.20"]
[Round "1.4"]
[White "Sylvan, Jacob"]
[Black "Marcus, Hakan"]
[Result "1-0"]
[WhiteElo "2333"]
[BlackElo "2176"]
[WhiteTeam "HSA"]
[BlackTeam "Horndal"]

1.e4 c6 2.d4 d5 3.e5 Bf5 4.Nf3 e6 5.Be2 Nd7 6.O-O h6 7.Nbd2 g5 8.Nb3 Bg7 
9.Ne1 Ne7 10.f4 gxf4 11.Bxf4 Qb6 12.a4 a6 13.a5 Qc7 14.Nd3 Ng6 15.Bd2 Bf8 
16.g4 Be4 17.Nf2 c5 18.c3 c4 19.Nc1 Bg7 20.Nxe4 dxe4 21.Qe1 O-O 22.Bd1 f5 
23.Ne2 Kh7 24.Qg3 Qd8 25.Nf4 Nxf4 26.Bxf4 Rg8 27.Kh1 Nf8 28.Qh3 Ng6 29.
gxf5 Nxf4 30.Rxf4 Bxe5 31.dxe5 Qd2 32.Qf1 Rg5 33.Qf2 Qd5 34.fxe6 Qxe5 35.
Bc2 Rag8 36.Rf7+ R8g7 37.Re1 Qxe6 38.Bxe4+ Kh8 39.Rxg7 Rxg7 40.Bg2 Qg4 41.
Qf8+ 1-0

[Event "Superettankval HSA - Horndal"]
[Site "Helsingborg"]
[Date "2016.03.20"]
[Round "1.5"]
[White "Rorvall, Goran"]
[Black "Dam, Quang Binh"]
[Result "1-0"]
[WhiteElo "2159"]
[BlackElo "2160"]
[WhiteTeam "Horndal"]
[BlackTeam "HSA"]

1.e4 c5 2.Nf3 g6 3.g3 Bg7 4.Bg2 Nc6 5.O-O e5 6.Nc3 Nge7 7.d3 d6 8.Be3 O-O 
9.Qd2 Nd4 10.Ne1 Be6 11.Bh6 c4 12.Bxg7 Kxg7 13.f4 f6 14.Kh1 Rc8 15.Nd5 
cxd3 16.c3 Nc2 17.Nxc2 dxc2 18.Qxc2 Nxd5 19.exd5 Bf5 20.Qd2 Qc7 21.Rac1 
Qc4 22.fxe5 fxe5 23.b3 Qd3 24.Qxd3 Bxd3 25.Rxf8 Kxf8 26.Kg1 Ke7 27.Kf2 Bf5
28.Ke3 Rc5 29.Be4 b6 30.a4 a5 31.h4 Rc8 32.c4 Bg4 33.Bf3 Bd7 34.h5 g5 35.
h6 Bf5 36.Be4 Bxe4 37.Kxe4 Rf8 38.b4 Rf2 39.bxa5 bxa5 40.Rb1 Kf6 41.Rb6 
Re2+ 42.Kf3 Re1 43.Rxd6+ Kf7 44.c5 e4+ 45.Kf2 Rc1 46.c6 Rc5 47.Rd7+ Kf6 
48.c7 Ke5 49.Rxh7 Kd4 50.Re7 Rc2+ 51.Kg1 g4 52.h7 Rc1+ 53.Kf2 Rc2+ 54.Kf1 
Kd3 55.Rxe4 Rxc7 56.h8=Q 1-0

[Event "Superettankval HSA - Horndal"]
[Site "Helsingborg"]
[Date "2016.03.20"]
[Round "1.6"]
[White "Rothman, Peter"]
[Black "Eriksson, Magnus"]
[Result "1-0"]
[WhiteElo "2082"]
[BlackElo "2002"]
[WhiteTeam "HSA"]
[BlackTeam "Horndal"]

1.d4 Nf6 2.Nf3 e6 3.Bg5 h6 4.Bh4 g5 5.Bg3 d6 6.e3 Nh5 7.Bd3 Bg7 8.c3 Nd7 
9.Ng1 Nxg3 10.hxg3 Nf6 11.Nd2 Bd7 12.Qc2 Qe7 13.O-O-O Ng4 14.Nh3 b5 15.
Rhe1 c5 16.dxc5 d5 17.e4 d4 18.cxd4 Bxd4 19.c6 Rc8 20.Bxb5 O-O 21.Nc4 Bxc6
22.Bxc6 Qb4 23.Rxd4 Qxe1+ 24.Rd1 Qb4 25.Nd6 Ne5 26.Nxc8 Rxc8 27.Kb1 Rxc6 
28.a3 Qb5 29.Qd2 Nc4 30.Qc3 Rc8 31.Rd4 Qc5 32.Ka2 a5 33.g4 a4 34.f4 gxf4 
35.Nxf4 e5 36.Rd5 Qe3 37.Nh5 Qe2 38.Rxe5 Nd6 39.Re8+ 1-0

[Event "Superettankval HSA - Horndal"]
[Site "Helsingborg"]
[Date "2016.03.20"]
[Round "1.7"]
[White "Korning, Peter"]
[Black "Hakansson, Stefan"]
[Result "1-0"]
[WhiteElo "2015"]
[BlackElo "2016"]
[WhiteTeam "Horndal"]
[BlackTeam "HSA"]

1.e4 c5 2.d4 cxd4 3.c3 dxc3 4.Nxc3 a6 5.Bc4 e6 6.Nf3 b5 7.Bb3 Bb7 8.O-O b4
9.Nd5 Be7 10.Nxe7 Qxe7 11.Qd4 Nf6 12.e5 Nd5 13.Bg5 Nc6 14.Qd2 f6 15.Bh4 
Qf7 16.Bxd5 exd5 17.exf6 O-O 18.fxg7 Qxg7 19.Qxd5+ Kh8 20.Bg3 Qf7 21.Rad1 
Qxd5 22.Rxd5 1-0

[Event "Superettankval HSA - Horndal"]
[Site "Helsingborg"]
[Date "2016.03.20"]
[Round "1.8"]
[White "Westin, Ake"]
[Black "Bengts, Torleif"]
[Result "1/2-1/2"]
[WhiteElo "2144"]
[BlackElo "2103"]
[WhiteTeam "HSA"]
[BlackTeam "Horndal"]

1.f4 d6 2.Nf3 Bg4 3.e4 e5 4.d3 exf4 5.Bxf4 Qf6 6.Bc1 Bxf3 7.Qxf3 Qxf3 8.
gxf3 Nc6 9.c3 Be7 10.Bf4 Nf6 11.Nd2 Nh5 12.Be3 Bh4+ 13.Kd1 f5 14.Be2 f4 
15.Bg1 O-O-O 16.Nb3 g6 17.Nd4 Ne5 18.Nb5 a6 19.Na3 d5 1/2-1/2